000 00486nam a2200205 a 4500
001 BRL_1362
005 20190320211152.0
008 090114s1979----enkao#####---#000-0#eng-#
020 _a0713410051
041 _aeng
044 _aenk
050 4 _aTT770
_b.C66 1979
245 1 0 _aThe constance howard book of stitches
260 _aLondon
_bBT Batsford
_c1979
300 _a140 p.
_bil.
_c16 cm.
500 _aAu1583
650 1 4 _aBordado
_94753
902 _aGRL
942 _2lcc
_cB
999 _c10174
_d10174